000
00389nam a22001097a 4500
082
_a
080
100
_a
हिम ,नेपोलियन
_9
83009
245
_a
सफलता की सीढ़िया
260
_a
इंडिया
_b
जयको पब्लिकैशन हाउस
_c
2018
650
_a
व्यक्तितव निर्माण
_9
82698
942
_c
HIN
999
_c
67757
_d
67757